书目信息 |
| 题名: |
基于FPGA的可编程SOC设计
|
|
| 作者: | 郭怀里 , 曹春雨 , 董代洁 编著 | |
| 分册: | ||
| 出版信息: | 北京 北京航空航天大学出版社 2006.06 |
|
| 页数: | 294页 | |
| 开本: | 26cm | |
| 丛书名: | ||
| 单 册: | ||
| 中图分类: | TP331.2 | |
| 科图分类: | ||
| 主题词: | 可编程序逻辑器件--ke bian cheng xu luo ji qi jian--系统设计 | |
| 电子资源: | ||
| ISBN: | 7-81077-851-X | |
| 000 | 00991nam0 2200241 450 | |
| 001 | 012006873672 | |
| 005 | 20070611111132.98 | |
| 010 | @a7-81077-851-X@dCNY26.00 | |
| 100 | @a20061203d2006 km y0chiy0120 ea | |
| 101 | 0 | @achi |
| 102 | @aCN@b110000 | |
| 105 | @ay z 000yy | |
| 200 | 1 | @a基于FPGA的可编程SOC设计@Aji yu FPGA de ke bian cheng SOC she ji@f董代洁, 郭怀里, 曹春雨编著@Fdong dai jie,guo huai li,cao chun yu bian zhu |
| 210 | @a北京@c北京航空航天大学出版社@d2006.06 | |
| 215 | @a294页@d26cm | |
| 330 | @a本书针对Xilinx 公司基于FPGA的可编程片上系统,讲解了可编程片上系统的发展、系统的组成,描述了Xilinx片内微处理器软核MicroBlaze及硬核PowerPC的基本结构,讲解了可编程片上系统开发工具的功能和使用。 | |
| 606 | 0 | @a可编程序逻辑器件@Ake bian cheng xu luo ji qi jian@x系统设计 |
| 690 | @aTP331.2@v4 | |
| 701 | 0 | @a郭怀里@Aguo huai li@4编著 |
| 701 | 0 | @a曹春雨@Acao chun yu@4编著 |
| 701 | 0 | @a董代洁@Adong dai jie@4编著 |
| 801 | 0 | @aCN@c20070611 |
| 905 | @a10447@dTP331.2@eD692 | |
| 基于FPGA的可编程SOC设计/董代洁, 郭怀里, 曹春雨编著.-北京:北京航空航天大学出版社,2006.06 |
| 294页;26cm |
| ISBN 7-81077-851-X:CNY26.00 |
| 本书针对Xilinx 公司基于FPGA的可编程片上系统,讲解了可编程片上系统的发展、系统的组成,描述了Xilinx片内微处理器软核MicroBlaze及硬核PowerPC的基本结构,讲解了可编程片上系统开发工具的功能和使用。 |
| ● |
| 相关链接 |
|
|
|
正题名:基于FPGA的可编程SOC设计
索取号:TP331.2/D692
 
预约/预借
| 序号 | 登录号 | 条形码 | 馆藏地/架位号 | 状态 | 备注 |
| 1 | 229506 | 202295060 | 自科库301/301自科库 60排5列4层/ [索取号:TP331.2/D692] | 在馆 | |
| 2 | 229507 | 202295079 | 自科库301/301自科库 60排5列4层/ [索取号:TP331.2/D692] | 在馆 |